| 000 | 00708nam a2200217 a 4500 | ||
|---|---|---|---|
| 005 | 20240924070530.0 | ||
| 008 | 060427s2004 mx r 000 0 spa d | ||
| 020 | _a968167197X | ||
| 035 | _aUPN01000143987 | ||
| 049 | _aCG | ||
| 050 | 4 |
_aHM621 _bS8.8 |
|
| 100 | 1 |
_aSubirats, Eduardo, _d1947- _933724 |
|
| 245 | 1 | 4 |
_aUna última visión del paraíso : _bensayo sobre media, vanguardia y la destrucción de culturas en América Latina / _cEduardo Subirats. |
| 260 |
_aMéxico : _bFCE, _c2004. |
||
| 300 | _a199 p., [8] p. láms. col. | ||
| 440 | 0 | _aSección de obras de filosofía | |
| 650 | 4 |
_aCivilización _99 |
|
| 650 | 4 |
_aGlobalización _95377 |
|
| 650 | 2 |
_aCrítica del arte _9946 |
|
| 905 | _aLibro | ||
| 999 |
_c116134 _d116134 |
||